| 000 | 01077nam a2200325 c 4500 | ||
|---|---|---|---|
| 003 | BLK | ||
| 005 | 20180420222005.0 | ||
| 008 | 180408b bul|||||r ||||||| ||bul|| | ||
| 010 | _aKNG00053265000 | ||
| 020 |
_a3-411-04121-8 _bиздат.: Dudenverlag - на том |
||
| 040 | _aBLK | ||
| 041 |
_aDEU _cDEU |
||
| 080 |
_aЛитература на отделни езици и езикови семейства _b821 _x-8(035) _z821-8(035) |
||
| 139 |
_aDuden _bD 84 |
||
| 245 | 1 | 0 |
_aDuden _bBd. 1 - 12 _nBd. 12 _pZitate und Ausspruche |
| 257 | _aDEU | ||
| 260 |
_аMannheim et al. _c1985 - |
||
| 300 | _c19 cm | ||
| 380 | _a82 | ||
| 650 | 4 |
_aЛитература, световна - справочници _9275078 |
|
| 653 | _aсветовна литература | ||
| 653 | _aцитати | ||
| 653 | _aсправочници | ||
| 760 | 1 |
_3- на том _dDudenverlag _h842 c. _tBd. 12 Zitate und Ausspruche |
|
| 852 | _aЦб 187089 | ||
| 856 | 4 |
_qpdf _u |
|
| 856 | 4 |
_qpdf _u |
|
| 942 |
_cKNG _n0 |
||
| 944 |
_aCR _c01.01.1999 _kТеодора_Стоянова |
||
| 944 |
_aED _c11.08.2011 _k |
||
| 999 |
_c49415 _d49415 |
||